| 000 | 00855nam a2200229Ia 4500 | ||
|---|---|---|---|
| 001 | b1869-22363 [854] | ||
| 003 | IT-MiCISF | ||
| 005 | 20251223120426.0 | ||
| 008 | 161014s9999||||xx |||||||||||||| ||und|| | ||
| 040 |
_aIT-MiCISF _cIT-MiCISF |
||
| 041 | _ait | ||
| 100 |
_aColombo Giovanni (et al.) _963015 |
||
| 245 | 0 | _aAnziani e società | |
| 260 |
_a Vicenza, _bRezzara, _c1982 |
||
| 300 | _app. 228 | ||
| 500 | _a / etica, anziani, pensionamento, sessualità, famiglia, eutanasia, pastorale, cultura, servizi-anziani, attività-anziano / | ||
| 650 | _aTerza-età | ||
| 654 | _adossier | ||
| 700 |
_aArdigò A., Cesareo v., Burgalassi S., Cecchella A., Antonini M., Riva A., Cattanei G., _aMattioni A., Anselmi T., Spadonaro M., Valeriani A., Porcu S., Baldoni E., Nervo G., _aAgazzi A., Ziglioli R. _963016 |
||
| 942 |
_cBK _2ddc |
||
| 999 |
_c215660 _d215660 |
||
| 999 | _bsi | ||